00600nam a2200169 a 450000100100000000500170001000800410002704000250006808200160009310000390010924500620014826000600021030000200027004900090029095201140029999900170041300003249520200930065653.0110718s1969 dr 000 0 spa d aDO-SdBNPbspacBNPHU axxxxbR696o1 aRodríguez Fiol, Manuel M.92678910aOlimpo :blibro de poesias /cManuel M. Rodríguez Fiol. a[San Juan, República Dominicana] :b[s. n.],c[1969]. a52 p. ;c20 cm. aBNPD 0010718PDaPDbPDcCTd2011-07-18iLF1l0oxxxx R696op32495-10r2020-06-25w2020-06-25yLFPDZNo se presta c31986d31986